Low Reynolds number hydrodynamics : with special applications to particulate media

Αποθηκεύτηκε σε:
Λεπτομέρειες βιβλιογραφικής εγγραφής
Κύριος συγγραφέας: Happel, John
Άλλοι συγγραφείς: Brenner, Howard
Μορφή: Βιβλίο
Γλώσσα:English
Δημοσίευση: The Hague ; Boston : Hingham, MA, USA : : M. Nijhoff, Distributed by Kluwer Boston, 1983
Σειρά:Mechanics of fluids and transport processes ; ; 1
Θέματα:
Ετικέτες: Προσθήκη ετικέτας
Δεν υπάρχουν, Καταχωρήστε ετικέτα πρώτοι!

MARC

LEADER 00000nam a2200000 i 4500
001 1/7005
008 960722s1983 eng d
020 |a 90-247-2877-0 
035 |l 10016553 
040 |a GR-MY-UA  |b gre  |e aacr 
041 0 |a eng 
082 0 |a 532.5  |2 (22) 
100 1 |a Happel, John. 
245 1 0 |a Low Reynolds number hydrodynamics :  |b with special applications to particulate media /  |c John Happel, Howard Brenner 
260 |a The Hague ; Boston :   |a Hingham, MA, USA : :   |b M. Nijhoff,   |b Distributed by Kluwer Boston,   |c 1983 
300 |a 553 σ.;  |b εικ.;  |c 24 εκ. 
490 1 |a Mechanics of fluids and transport processes  |v ; 1 
504 |a Περιέχει βιβλιογραφικές αναφορές και ευρετήρια 
650 0 0 |a Hydrodynamics. 
650 0 0 |a Viscosity. 
650 0 0 |a Particles. 
700 1 |a Brenner, Howard. 
830 0 |a Mechanics of fluids and transport processes ;  |v ; 1 
852 |a INST  |b LESVOS  |e 19960722  |h 532.5 HAP  |p 005100006047  |q 005100006047  |t BK  |y 0 
852 |a INST  |b SAMOS  |e 20070801  |h 532.5 HAP  |p 005300025603  |q 005300025603  |t BK  |y 0 
901 |a BIBL3-2007-2 
909 |a Σ  |b 137109 
909 |a Λ  |b 016824 
922 |a 3ΕΛΗ  |b 200707  |c ΕΠΕΑΕΚ2/ΤΜΗΜΑ ΜΑΘΗΜΑΤΙΚΩΝ  |d ΠΑΠΑΣΩΤΗΡΙΟΥ 
970 |a ΚΟΣΙΕΡΗΣ  |b ΧΡΗΣΤΟΣ  |z 2007/08/01